Statistics for Maths is awesome

Click here to take the quiz!

General Stats

  • This quiz has been taken 88 times
  • The average score is 3 of 5

Answer Stats

HintAnswer% Correct
1+12
100%
9+10(vine)21
45%
0/0(reversability)21
45%
21-9(vine)10
44%
1+1(little kidsWindow
19%

Score Distribution

Percentile by Number Answered

Percent of People with Each Score

Your Score History

You have not taken this quiz